000 00614nam a2200181Ia 4500
003 IN-BaIIA
008 211028s9999 xx 000 0 eng d
040 _cIIA Library
080 _a92:5
_bINSA-7
110 _aIndian National Science Academy
_910909
245 0 _aBiographical memoirs of fellows of the Indian national science academy
_bvol. 7
_cIndian National Science Academy
260 _aNew Delhi
_bIndian National Science Academy
_c1983
300 _av, 201p
650 _aBiography
_91224
650 _aBiography-Memoirs
650 _aIndian Scientists-Biography
942 _cBK
999 _c8186
_d8186